000
00313nam a2200121 a 4500
005
20140414132111.0
008
110513s19uu xx 00 eng d
050
_a
TR
_b
L85 2007
100
_a
Baguley, Elizabeth.
245
_a
A long way from home.
260
_a
New York :
_b
Scholastic ,
_c
2007.
999
_c
114742
_d
114742